| 000 | 00617 a2200169 4500 | ||
|---|---|---|---|
| 003 | Nust | ||
| 005 | 20221125115434.0 | ||
| 040 | _cNust | ||
| 082 | _a520,BEE | ||
| 100 |
_aBeet,Ernest Agar _9103593 |
||
| 245 |
_aA Guide to The Sky _bA practical HandBook For Beginners / _cErnest Agar Beet |
||
| 260 |
_aCambridge _bUniversity Press _c1945. |
||
| 300 | _a95:p | ||
| 505 | _aIntroduction Some Constellations (Page-1), More Constellations (Page-14), Wandering Stars (Page-31), With a Telescope (Page-46), With a Camera (Page-67), About Books (Page-76). | ||
| 650 |
_aA Guid to Sky _9103594 |
||
| 942 |
_2ddc _cBK _k520,BEE |
||
| 999 |
_c181487 _d181487 |
||